000 00566nam a2200241Ia 4500
005 20260306150430.0
008 008 260114s9999 xx 000 0 eng d
020 _a9781474488822
037 _aEbook
040 _aCRL
040 _beng
040 _cCRL
041 _2eng
041 _aeng
084 _qCRL
245 0 _aBergson's Philosophy of Biology
260 _bEdinburgh University Press
260 _c2022
650 _aPhilosophy
856 _uhttps://www.degruyter.com/isbn/9781474488822
942 _cEBOOK
999 _c1696626
_d1696626